000
00242nam a2200097Ia 4500
001
853826
005
20250826174540.0
008
250824s9999 xx 000 0 und d
245
0
_a
AŞKIN İSTİLASI YOL
_c
METİN HARA
260
_b
DESTEK YAYINLARI
999
_c
853826
_d
853826